| 000 | 00000nam##2200000za#4500 |
| 001 | 9.575898 |
| 003 | CaOODSP |
| 005 | 20210624184901 |
| 007 | cr ||||||||||| |
| 008 | 150406|2009||||xxc|||||o f|0| 0 eng|d |
| 040 | |aCaOODSP|beng |
| 043 | |an-cn--- |
| 086 | 1 |aTU3-6/09-252E-PDF |
| 110 | 2 |aTransportation Safety Board of Canada. |
| 245 | 10|aMain-track train derailment - Canadian National Freight Train Q11459-03 Mile 222.90, Rivers Subdivision Spy Hill, Saskatchewan, 05 December 2009 |h[electronic resource] |
| 260 | |aOttawa - Ontario : |bTransportation Safety Board of Canada |c[2009]. |
| 300 | |a14p.|bcoloured illus., figs. |
| 490 | 1 |aRailway investigation report |vR09W0252 |
| 590 | |a13-09-Supp|b2013-04-04 |
| 775 | 08|tDéraillement en voie principale du train de marchandises Q11459-03 du Canadien National au point milliaire 222,90 de la subdivision Rivers à Spy Hill (Saskatchewan), le 5 décembre 2009 |w(CaOODSP)9.605287 |
| 830 | #0|aRailway investigation report ;|vR09W0252|w(CaOODSP)9.504849 |
| 856 | 40|ahttp://publications.gc.ca|qPDF|s1539 KB|uhttps://publications.gc.ca/collections/collection_2013/bst-tsb/TU3-6-09-252-eng.pdf|yR09W0252 |